| 000 | 01188nam a2200217Ia 4500 | ||
|---|---|---|---|
| 003 | OSt | ||
| 005 | 20251210130550.0 | ||
| 008 | 201216b2016 ||||| |||| 00| 0 eng | ||
| 040 | _cNLS | ||
| 100 | _aDharmendra Kumar Singh | ||
| 245 | 0 | _aUniversal Public Healthcare as an Alternate Model of Management and Delivery of Public Healthcare Services in Karnataka (The Ontario Experience) | |
| 260 |
_aBangalore _bNLSIU _c2016 |
||
| 300 | _a67p | ||
| 505 | _aTable of Contents I. Executive Summary II. Background III. Research Problem IV. Research Question V. Research Objectives VI. Literature Survey VII. Conceptual framework, Challenges and Analysis VIII. Research Methodology • Design of Study; • Data Collection; • Sampling; • Data Analysis; IX. Canada Healthcare Delivery System; X. Healthcare System: Canada Vs. India; XI. Conclusion; XII. Recommendations; XIII. Abbreviations; XIV. Annexure; XV. References. | ||
| 650 | _aHip - Health System | ||
| 650 | _aPublic Healthcare Services - Karnataka | ||
| 650 | _aQuality Health Service | ||
| 700 | _aDr. Ramesh. G - Guide | ||
| 856 | _uhttps://dans.nls.ac.in/handle/123456789/139 | ||
| 942 |
_cDIS _2ddc |
||
| 999 |
_c114835 _d114835 |
||